[Event "Essent open"]
[Site "Hoogeveen"]
[Date "2005.10.26"]
[Round "6"]
[White "L'Ami, Erwin"]
[Black "Van Beek, Alexander"]
[Result "1-0"]
[WhiteElo "2541"]
[BlackElo "2334"]
[PlyCount "181"]
[EventDate "2005.10.21"]

1. e4 c5 2. Nf3 e6 3. d4 cxd4 4. Nxd4 a6 5. Nc3 Qc7 6. Bd3 Nc6 7. Nf3 Nf6 8.
O-O Be7 9. b3 O-O 10. Bb2 d6 11. Re1 Nd7 12. Ne2 Bf6 13. Bxf6 Nxf6 14. Ng3 b6
15. Qd2 Bb7 16. Rad1 Rfd8 17. Qf4 Ne5 18. Nxe5 dxe5 19. Qe3 Rac8 20. f3 Nd7 21.
Rd2 Qc5 22. Qxc5 Nxc5 23. Red1 Kf8 24. c3 Ke7 25. Bc2 Rxd2 26. Rxd2 Nd7 27. Ne2
Nf6 28. Kf2 Ne8 29. Bd3 Nd6 30. Rc2 a5 31. c4 Ba6 32. Nc1 Nb7 33. Be2 b5 34.
Nd3 f6 35. Rc1 bxc4 36. Nb2 c3 37. Nd1 Bxe2 38. Kxe2 Nd6 39. Rxc3 Rxc3 40. Nxc3
Kd7 41. Kd3 Kc6 42. Na4 Nb5 43. Nc3 Nd4 44. Nd1 Kc5 45. Ne3 h5 46. Nc4 Nc6 47.
a3 Kb5 48. Nd6+ Kc5 49. Nc4 Kb5 50. Nd6+ Kc5 51. Ne8 Nd4 52. Nxg7 h4 53. f4
Nxb3 54. fxe5 fxe5 55. Nxe6+ Kb5 56. g4 hxg3 57. hxg3 Kc6 58. Ng5 Kd6 59. Nf3
Nc5+ 60. Ke3 Ke6 61. Nd2 a4 62. Nc4 Kf6 63. Nb2 Kg5 64. Kf3 Nb3 65. Nc4 Nd4+
66. Ke3 Nb5 67. Kf2 Nc3 68. Kf3 Nb5 69. Kg2 Nc3 70. Nd6 Kf6 71. Kf3 Ke6 72. Nc4
Kf6 73. Ke3 Nb5 74. g4 Kg5 75. Kf3 Kf6 76. Kg3 Nc3 77. Kf3 Nb5 78. Kf2 Nc3 79.
Ke3 Nb5 80. Kf3 Kg5 81. Kg3 Nc3 82. Nd2 Kf6 83. Kh4 Nb5 84. Kh5 Nd6 85. g5+ Kg7
86. g6 Nb5 87. Nc4 Nc3 88. Nd6 Ne2 89. Kg5 Nf4 90. Nf5+ Kf8 91. Kf6 1-0

[Event "Essent open"]
[Site "Hoogeveen"]
[Date "2005.10.26"]
[Round "6"]
[White "Sareen, Vishal"]
[Black "Pruijssers, Roeland"]
[Result "1/2-1/2"]
[WhiteElo "2375"]
[BlackElo "2310"]
[PlyCount "80"]
[EventDate "2005.10.21"]

1. e4 e5 2. Nf3 Nc6 3. Bc4 Nf6 4. d3 Be7 5. O-O O-O 6. Re1 d6 7. c3 Na5 8. Bb5
a6 9. Ba4 b5 10. Bc2 c5 11. Nbd2 Re8 12. h3 Nc6 13. d4 cxd4 14. cxd4 exd4 15.
Nb3 Bb7 16. Nbxd4 Bf8 17. Bg5 h6 18. Bh4 Nb4 19. Bb1 g5 20. Bg3 Bxe4 21. Bxe4
Rxe4 22. Rxe4 Nxe4 23. Qb3 a5 24. a3 Na6 25. Qxb5 Nac5 26. b3 Rb8 27. Qc4 d5
28. Qc2 Nxg3 29. fxg3 Qb6 30. Kh2 Nxb3 31. Nxb3 Qxb3 32. Qf5 Bg7 33. Rf1 d4 34.
Qxa5 Qb5 35. Qxb5 Rxb5 36. Rd1 f5 37. g4 f4 38. Rd2 Rd5 39. a4 Kf7 40. a5 Rxa5
1/2-1/2

[Event "Essent open"]
[Site "Hoogeveen"]
[Date "2005.10.26"]
[Round "6"]
[White "Jens, Jelmer"]
[Black "Vedder, Richard"]
[Result "1/2-1/2"]
[WhiteElo "2366"]
[BlackElo "2224"]
[PlyCount "101"]
[EventDate "2005.10.21"]

1. e4 e5 2. Nf3 Nc6 3. Bb5 a6 4. Ba4 Nf6 5. O-O Nxe4 6. d4 b5 7. Bb3 d5 8. dxe5
Be6 9. Nbd2 Nc5 10. c3 d4 11. Bxe6 Nxe6 12. cxd4 Ncxd4 13. a4 Be7 14. axb5 axb5
15. Rxa8 Qxa8 16. Nxd4 Nxd4 17. Nb3 Nxb3 18. Qxb3 Qc6 19. Be3 O-O 20. Rc1 Qd7
21. Rd1 Qc6 22. Rd5 Rb8 23. f4 g6 24. Qd3 Bf8 25. h3 Qe8 26. g4 c6 27. Rd7 Qe6
28. Kg2 g5 29. fxg5 Qxe5 30. Qd4 Qe6 31. Kf3 Re8 32. Rd8 Bg7 33. Rxe8+ Qxe8 34.
Qd2 c5 35. Qd5 c4 36. Bd4 Bf8 37. Qe5 Qxe5 38. Bxe5 b4 39. Ke4 Be7 40. Bf6 Bf8
41. Kd4 c3 42. bxc3 bxc3 43. Kxc3 Bd6 44. Kd4 Bg3 45. Ke4 Be1 46. Be5 Bd2 47.
h4 Be1 48. h5 Bd2 49. Kf5 Bc1 50. Kf6 Ba3 51. g6 1/2-1/2

[Event "Essent open"]
[Site "Hoogeveen"]
[Date "2005.10.26"]
[Round "6"]
[White "Michielsen, Joost"]
[Black "Van Leent, Dimitri"]
[Result "1-0"]
[WhiteElo "2362"]
[BlackElo "2309"]
[PlyCount "103"]
[EventDate "2005.10.21"]

1. e4 e5 2. Nf3 Nc6 3. Bb5 Nf6 4. O-O Nxe4 5. d4 Nd6 6. Bxc6 dxc6 7. dxe5 Nf5
8. Qxd8+ Kxd8 9. Nc3 h6 10. h3 Bd7 11. b3 Kc8 12. Bb2 b6 13. Rfe1 Bb4 14. Rad1
Be6 15. Re2 Bxc3 16. Bxc3 Rd8 17. Red2 Rxd2 18. Nxd2 a5 19. g4 Ne7 20. Ne4 a4
21. f4 axb3 22. axb3 Bd5 23. Ng3 g6 24. f5 gxf5 25. gxf5 Kb7 26. Be1 b5 27. Bb4
Rg8 28. Kf2 Nxf5 29. Nxf5 Rg2+ 30. Kf1 Rxc2 31. Ne3 Rb2 32. Nxd5 Rxb3 33. Nxc7
Rxb4 34. Ne8 Rf4+ 35. Kg2 Kb6 36. Nd6 Kc5 37. Kg3 Rd4 38. Rxd4 Kxd4 39. Nxf7
Kd5 40. Kf4 b4 41. Nd6 b3 42. Ne4 b2 43. Nc3+ Kd4 44. Nb1 Kd3 45. Na3 Kc3 46.
e6 Kb3 47. Nb1 Kc2 48. e7 Kxb1 49. e8=Q c5 50. Qa4 Kc1 51. Qc4+ Kd2 52. Qd5+
1-0

[Event "Essent open"]
[Site "Hoogeveen"]
[Date "2005.10.26"]
[Round "6"]
[White "Kolev, Atanas"]
[Black "Schuurman, Petra"]
[Result "1-0"]
[WhiteElo "2559"]
[BlackElo "2279"]
[PlyCount "83"]
[EventDate "2005.10.21"]

1. Nf3 Nf6 2. c4 e6 3. Nc3 Bb4 4. Qc2 O-O 5. a3 Bxc3 6. Qxc3 b6 7. b3 Bb7 8.
Bb2 d6 9. e3 Nbd7 10. Be2 Qe7 11. O-O c5 12. d4 Rac8 13. Rad1 d5 14. dxc5 Nxc5
15. Ne5 Nce4 16. Qb4 Rfe8 17. f3 Nc5 18. Qc3 Ncd7 19. Rd2 h6 20. Rfd1 Nxe5 21.
Qxe5 Qc7 22. Qxc7 Rxc7 23. Kf2 dxc4 24. Bxc4 Bd5 25. Bxf6 gxf6 26. Bxd5 exd5
27. Rxd5 Rc3 28. R5d3 Rec8 29. Ke2 Kf8 30. Rxc3 Rxc3 31. Rd3 Rc2+ 32. Rd2 Rc3
33. Rb2 Rc5 34. Kd3 Ra5 35. a4 Ke7 36. Rc2 Kd6 37. Rc4 h5 38. g3 Rg5 39. Rb4
Rc5 40. Rb5 Rxb5 41. axb5 Kc5 42. h4 1-0

[Event "Essent open"]
[Site "Hoogeveen"]
[Date "2005.10.26"]
[Round "6"]
[White "Wells, Peter Kenneth"]
[Black "Weeks, Manuel"]
[Result "1-0"]
[WhiteElo "2513"]
[BlackElo "2268"]
[PlyCount "93"]
[EventDate "2005.10.21"]

1. d4 Nf6 2. c4 e6 3. Nc3 Bb4 4. Qc2 O-O 5. a3 Bxc3+ 6. Qxc3 Ne4 7. Qc2 f5 8.
Nh3 d6 9. f3 Nf6 10. e3 e5 11. dxe5 dxe5 12. Nf2 Nc6 13. b4 f4 14. Bd3 a5 15.
b5 fxe3 16. Bxe3 Nd4 17. Qb2 c5 18. bxc6 bxc6 19. O-O Be6 20. Rab1 Rb8 21. Qxb8
Qxb8 22. Rxb8 Rxb8 23. Re1 Kf7 24. f4 Nf5 25. fxe5 Nd7 26. Bd2 Rb3 27. Be4 Rxa3
28. Nh3 Nc5 29. Ng5+ Ke7 30. Bxc6 Bxc4 31. Nxh7 Ne6 32. Be4 Nfd4 33. h3 Ra2 34.
Be3 Ne2+ 35. Kh2 Ra3 36. Bf2 Ra2 37. Rb1 N2d4 38. Rb7+ Kd8 39. Bxd4 Nxd4 40.
Rxg7 Re2 41. Nf6 Ne6 42. Rd7+ Kc8 43. Rd6 Bb3 44. h4 a4 45. Ra6 Kd8 46. h5 Ng5
47. h6 1-0

[Event "Essent open"]
[Site "Hoogeveen"]
[Date "2005.10.26"]
[Round "6"]
[White "Henrichs, Thomas"]
[Black "Wempe, Joost"]
[Result "1-0"]
[WhiteElo "2447"]
[BlackElo "2221"]
[PlyCount "81"]
[EventDate "2005.10.21"]

1. e4 e6 2. d4 d5 3. Nc3 Bb4 4. e5 c5 5. a3 Bxc3+ 6. bxc3 Ne7 7. Qg4 O-O 8. Bd3
f5 9. exf6 Rxf6 10. Bg5 Rf7 11. Qh5 g6 12. Qd1 Nbc6 13. Nf3 Qf8 14. O-O c4 15.
Be2 h6 16. Bd2 Bd7 17. Ne1 Qg7 18. f4 Nf5 19. g3 Nd6 20. Ng2 Kh8 21. Ne3 Raf8
22. Bf3 Nf5 23. Ng4 Rg8 24. Kg2 Qf8 25. a4 Rh7 26. Bc1 Qd8 27. Qe2 Rf7 28. h4
Kh7 29. Rh1 Rff8 30. Bd2 Bc8 31. Raf1 Kg7 32. h5 gxh5 33. Rxh5 Rh8 34. Rfh1
Rfg8 35. Ne5 Kf8 36. g4 Qf6 37. Kf2 Nfe7 38. f5 exf5 39. Rxh6 Rxh6 40. Bxh6+
Ke8 41. g5 1-0

[Event "Essent open"]
[Site "Hoogeveen"]
[Date "2005.10.26"]
[Round "6"]
[White "Slingerland, Fred"]
[Black "Wiersma, Eelke"]
[Result "1-0"]
[WhiteElo "2325"]
[BlackElo "2431"]
[PlyCount "82"]
[EventDate "2005.10.21"]

1. e4 c5 2. Nf3 Nc6 3. d4 cxd4 4. Nxd4 Nf6 5. Nc3 e5 6. Ndb5 d6 7. Bg5 a6 8.
Na3 b5 9. Bxf6 gxf6 10. Nd5 Bg7 11. c4 f5 12. cxb5 Nd4 13. Bd3 Be6 14. O-O O-O
15. Nc2 fxe4 16. Bxe4 Nxc2 17. Qxc2 Rc8 18. Bxh7+ Kh8 19. Qd3 Rc5 20. Nc3 axb5
21. Bf5 Bxf5 22. Qxf5 d5 23. Rad1 Kg8 24. Rd3 b4 25. Ne4 Rc6 26. Rfd1 Qc8 27.
Qxc8 Rfxc8 28. Rxd5 Rc2 29. g4 Rxb2 30. Rd8+ Rxd8 31. Rxd8+ Kh7 32. Rd3 Rb1+
33. Kg2 Bh6 34. Rd7 Kg6 35. Rd6+ Kh7 36. Rd7 Kg6 37. h4 Bf4 38. h5+ Kg7 39. g5
Re1 40. Kf3 Kg8 41. h6 Rg1 1-0

[Event "Essent open"]
[Site "Hoogeveen"]
[Date "2005.10.26"]
[Round "6"]
[White "Vul, Arkadi Eremeevich"]
[Black "Clemens, Adrian"]
[Result "1-0"]
[WhiteElo "2423"]
[BlackElo "2272"]
[PlyCount "85"]
[EventDate "2005.10.21"]

1. Nf3 d5 2. d4 Nf6 3. c4 dxc4 4. e3 e6 5. Bxc4 c5 6. O-O a6 7. Qe2 b5 8. Bd3
Bb7 9. dxc5 b4 10. a3 Bxc5 11. axb4 Bxb4 12. Ra4 a5 13. e4 h6 14. Nc3 Nc6 15.
Rd1 Nd7 16. Ra1 Qf6 17. Bb5 Nde5 18. Nxe5 Qxe5 19. f4 Qc5+ 20. Be3 Qe7 21. Nd5
exd5 22. exd5 O-O 23. dxc6 Bc5 24. Re1 Rae8 25. cxb7 Qxe3+ 26. Qxe3 Rxe3 27.
Rxe3 Bxe3+ 28. Kf1 Rb8 29. Bc6 Bxf4 30. g3 Be5 31. Rxa5 f6 32. Rd5 Kf8 33. b4
g5 34. Rd7 Kg8 35. Bd5+ Kh8 36. Be4 Kg8 37. Kg2 Rf8 38. g4 Rb8 39. h3 Kf8 40.
Bc6 Kg8 41. Kf3 Kh8 42. Ke4 Rf8 43. Kf5 1-0

[Event "Essent open"]
[Site "Hoogeveen"]
[Date "2005.10.26"]
[Round "6"]
[White "Bitalzadeh, Ali"]
[Black "Grooten, Herman"]
[Result "0-1"]
[WhiteElo "2267"]
[BlackElo "2350"]
[PlyCount "86"]
[EventDate "2005.10.21"]

1. e4 g6 2. d4 Bg7 3. Nc3 c6 4. Nf3 d5 5. h3 Nh6 6. Bd3 O-O 7. O-O f6 8. Re1
Nf7 9. Bf1 e6 10. Bf4 b5 11. a3 Nd7 12. Qd2 Nb6 13. b3 a5 14. e5 f5 15. a4 b4
16. Na2 h6 17. h4 c5 18. c3 c4 19. bxc4 b3 20. c5 Nc4 21. Bxc4 dxc4 22. Nc1 Bb7
23. Ne2 Bxf3 24. gxf3 g5 25. Bh2 f4 26. Red1 Qd5 27. Kg2 Nh8 28. hxg5 hxg5 29.
Ng1 Ng6 30. Qe2 g4 31. Kh1 Rad8 32. Rab1 Rf5 33. Qe4 Qxe4 34. fxe4 Rh5 35. Ne2
Kf7 36. Kg1 f3 37. Ng3 Rh3 38. d5 exd5 39. exd5 Bxe5 40. d6 Nf4 41. Re1 Ne2+
42. Rxe2 fxe2 43. Re1 b2 0-1

[Event "Essent open"]
[Site "Hoogeveen"]
[Date "2005.10.26"]
[Round "6"]
[White "Hasanova, Elmira"]
[Black "Van der Plas, Rob"]
[Result "1-0"]
[WhiteElo "2342"]
[BlackElo "2211"]
[PlyCount "61"]
[EventDate "2005.10.21"]

1. d4 e6 2. Nf3 d5 3. c4 c6 4. Nc3 dxc4 5. a4 Bb4 6. g3 Nf6 7. Bg2 Nbd7 8. O-O
O-O 9. Qc2 Bxc3 10. bxc3 Qa5 11. Nd2 Nd5 12. Bb2 N7b6 13. e4 Nf6 14. e5 Nfd5
15. Ne4 f5 16. exf6 gxf6 17. Ba3 Rf7 18. Qd2 Bd7 19. Rfb1 Rb8 20. Qh6 Nc8 21.
Bf1 Qd8 22. Bxc4 Nce7 23. Bxd5 Nf5 24. Nxf6+ Kh8 25. Qf4 Rxf6 26. Be4 Qe7 27.
Qxb8+ Kg7 28. Bg2 Nd6 29. Qxa7 Rf5 30. c4 Qf8 31. c5 1-0

[Event "Essent open"]
[Site "Hoogeveen"]
[Date "2005.10.26"]
[Round "6"]
[White "Fominykh, Maria"]
[Black "Ahlers, Ben"]
[Result "1/2-1/2"]
[WhiteElo "2335"]
[BlackElo "2198"]
[PlyCount "96"]
[EventDate "2005.10.21"]

1. d4 Nf6 2. c4 g6 3. Nc3 Bg7 4. Nf3 d6 5. g3 O-O 6. Bg2 Nbd7 7. O-O e5 8. h3
a6 9. Qc2 Rb8 10. Rd1 exd4 11. Nxd4 Ne5 12. b3 c5 13. Nf3 Nxf3+ 14. exf3 Bf5
15. Qd2 b5 16. cxb5 axb5 17. Bb2 c4 18. Ne4 d5 19. Qb4 Re8 20. Bxf6 Bxf6 21.
Rxd5 Bxa1 22. Rxd8 Rexd8 23. bxc4 bxc4 24. Qxc4 Be6 25. Qc1 Bxa2 26. Qh6 Bg7
27. Qh4 h6 28. Nf6+ Kh8 29. f4 Rd4 30. Ng4 h5 31. Ne3 f6 32. g4 Rbd8 33. Qg3
hxg4 34. hxg4 Bb1 35. Bd5 Bf8 36. g5 R8xd5 37. Qh3+ Kg7 38. gxf6+ Kf7 39. Nxd5
Rd1+ 40. Kh2 Rxd5 41. Qb3 Ke6 42. Qxb1 Rf5 43. Qb6+ Kf7 44. Kg3 Rxf6 45. Qb7+
Kg8 46. Qc8 Rf5 47. Kg4 Kg7 48. Qd7+ Kg8 1/2-1/2

[Event "Essent open"]
[Site "Hoogeveen"]
[Date "2005.10.26"]
[Round "6"]
[White "Van Ruitenburg, Joost"]
[Black "Weisbuch, Udi"]
[Result "0-1"]
[WhiteElo "2216"]
[BlackElo "2299"]
[PlyCount "82"]
[EventDate "2005.10.21"]

1. d4 Nf6 2. Bg5 e6 3. e4 h6 4. Bxf6 Qxf6 5. Nf3 b6 6. Nc3 Bb7 7. Be2 g6 8. O-O
Bg7 9. d5 O-O 10. d6 c5 11. e5 Qd8 12. Re1 f6 13. Bd3 fxe5 14. Nxe5 Qg5 15. Qg4
Bxe5 16. Qxg5 Bxh2+ 17. Kxh2 hxg5 18. Re5 Kf7 19. Rxg5 Rg8 20. Rh1 Nc6 21. Kg1
Nb4 22. Rh7+ Kf6 23. f4 Nxd3 24. cxd3 Rg7 25. Ne4+ Kf7 26. Rh3 Rc8 27. b3 Bd5
28. Nf2 Rc6 29. Ng4 Rxd6 30. Ne5+ Kf6 31. Rh8 Ke7 32. Nxg6+ Kf6 33. Rh6 Kf7 34.
Rh8 Rxg6 35. Rxg6 Kxg6 36. Kf2 Bc6 37. Ke3 Bb5 38. Ke4 Bxd3+ 39. Ke3 Kg7 40.
Ra8 a5 41. g4 Bb1 0-1

[Event "Essent open"]
[Site "Hoogeveen"]
[Date "2005.10.26"]
[Round "6"]
[White "Giddins, Stephen"]
[Black "De Jong, Migchiel"]
[Result "1/2-1/2"]
[WhiteElo "2200"]
[BlackElo "2277"]
[PlyCount "26"]
[EventDate "2005.10.21"]

1. Nf3 d5 2. d4 Nf6 3. c4 e6 4. Nc3 c5 5. cxd5 Nxd5 6. e3 Nc6 7. Bd3 cxd4 8.
exd4 Be7 9. O-O O-O 10. Re1 Ncb4 11. Bb1 Nf6 12. a3 Nbd5 13. Qd3 Nxc3 1/2-1/2

[Event "Essent open"]
[Site "Hoogeveen"]
[Date "2005.10.26"]
[Round "6"]
[White "Ouwendijk, Vincent"]
[Black "Vogel, Jaap"]
[Result "1-0"]
[WhiteElo "2107"]
[BlackElo "2261"]
[PlyCount "87"]
[EventDate "2005.10.21"]

1. e4 e6 2. d4 d5 3. Nc3 Bb4 4. e5 b6 5. Bd2 Bf8 6. Nf3 Ne7 7. Ne2 Ba6 8. Nf4
Bxf1 9. Kxf1 Qc8 10. h4 Qa6+ 11. Kg1 c5 12. c3 Nbc6 13. b4 cxb4 14. cxb4 Nf5
15. Rc1 Rc8 16. Rh3 Be7 17. g4 Nfxd4 18. Nxd4 Nxd4 19. Rxc8+ Qxc8 20. Qa4+ Qd7
21. b5 Bc5 22. Be3 Nxb5 23. Bxc5 bxc5 24. Rb3 O-O 25. Qxb5 Qc7 26. Qe2 c4 27.
Rb1 Rd8 28. Rc1 Rb8 29. Kg2 Qe7 30. g5 Rb4 31. Qd2 Qb7 32. Qd4 h6 33. g6 fxg6
34. Nxe6 a5 35. Nc5 Qf7 36. e6 Qe7 37. Qxd5 c3 38. Rxc3 Rxh4 39. Nd7 Kh7 40.
Rc8 Rf4 41. Qe5 Rg4+ 42. Kf3 h5 43. Qe3 Ra4 44. Nf8+ 1-0

[Event "Essent open"]
[Site "Hoogeveen"]
[Date "2005.10.26"]
[Round "6"]
[White "Jelic, Bruno"]
[Black "Doggers, Peter"]
[Result "0-1"]
[WhiteElo "2104"]
[BlackElo "2239"]
[PlyCount "74"]
[EventDate "2005.10.21"]

1. d4 Nf6 2. c4 g6 3. Nc3 Bg7 4. e4 d6 5. Nge2 a6 6. Ng3 c6 7. a4 a5 8. Be2 O-O
9. h4 e5 10. d5 Na6 11. h5 Nc5 12. Ra3 Qb6 13. Be3 Qb4 14. Kf1 cxd5 15. exd5
Bd7 16. Qc2 Ne8 17. Nb5 e4 18. Bd2 Qxb2 19. Qxb2 Bxb2 20. Ra2 Be5 21. Be3 f5
22. hxg6 hxg6 23. Kg1 Rf7 24. Nf1 Bxb5 25. axb5 b6 26. Nd2 Rh7 27. Rxh7 Kxh7
28. f3 Nf6 29. Bxc5 dxc5 30. fxe4 fxe4 31. Ra3 Bb2 32. Ra2 a4 33. Nb1 a3 34.
Nd2 Kg7 35. Kf2 Rf8 36. Nb1 Nxd5+ 37. Ke1 Nb4 0-1

[Event "Essent open"]
[Site "Hoogeveen"]
[Date "2005.10.26"]
[Round "6"]
[White "Van der Veen, Jan"]
[Black "Van Nies, Pauline"]
[Result "1/2-1/2"]
[WhiteElo "2196"]
[BlackElo "2063"]
[PlyCount "47"]
[EventDate "2005.10.21"]

1. e4 c5 2. Nc3 Nc6 3. f4 g6 4. Nf3 Bg7 5. Bb5 Nd4 6. Bd3 d6 7. Nxd4 cxd4 8.
Ne2 e5 9. O-O Nf6 10. Bb5+ Nd7 11. d3 O-O 12. Bc4 Nf6 13. Bb3 a5 14. c3 b5 15.
cxd4 exd4 16. a4 b4 17. h3 Ba6 18. f5 Nd7 19. Rf3 Ne5 20. Rg3 Kh8 21. Nxd4 Qh4
22. Kh2 Qf6 23. Nf3 Nxd3 24. Bg5 1/2-1/2

[Event "Essent open"]
[Site "Hoogeveen"]
[Date "2005.10.26"]
[Round "6"]
[White "Cako, Laszlo"]
[Black "Potze, Rudolf"]
[Result "0-1"]
[WhiteElo "2193"]
[BlackElo "2128"]
[PlyCount "80"]
[EventDate "2005.10.21"]

1. e4 c5 2. Nf3 Nc6 3. d4 cxd4 4. Nxd4 Nf6 5. Nc3 e5 6. Ndb5 d6 7. Bg5 a6 8.
Na3 b5 9. Nd5 Be7 10. Nxe7 Nxe7 11. Bd3 Bb7 12. Bxf6 gxf6 13. Qh5 Rg8 14. O-O-O
Ng6 15. g3 Qb6 16. Rhf1 Ke7 17. Rde1 Nf8 18. f4 Nd7 19. fxe5 dxe5 20. Rf5 Rac8
21. Qh4 Rg6 22. Rh5 Nc5 23. Kb1 Nxd3 24. cxd3 Qf2 25. g4 Qd2 26. Rxe5+ Kf8 27.
Rf5 Qxd3+ 28. Ka1 Qd2 29. Rff1 Rh6 30. Qf2 Rxh2 31. Qxd2 Rxd2 32. Rxf6 Kg7 33.
Rf4 Rg2 34. Ref1 Rc7 35. Nb1 b4 36. e5 a5 37. R1f2 Rxf2 38. Rxf2 Rc1 39. Rf4
Re1 40. b3 Be4 0-1

[Event "Essent open"]
[Site "Hoogeveen"]
[Date "2005.10.26"]
[Round "6"]
[White "Van Opheusden, Bas"]
[Black "Hendriks, Peter"]
[Result "1-0"]
[WhiteElo "2190"]
[BlackElo "2121"]
[PlyCount "83"]
[EventDate "2005.10.21"]

1. e4 d5 2. exd5 Qxd5 3. Nc3 Qa5 4. d4 Nf6 5. Nf3 Nc6 6. Bd2 a6 7. Bc4 Qh5 8.
O-O Bg4 9. Be2 O-O-O 10. h3 Bxf3 11. Bxf3 Qf5 12. Bxc6 bxc6 13. Qe2 Rxd4 14.
Qxa6+ Kd7 15. Be3 Rd6 16. Na4 e6 17. Nc5+ Ke7 18. Nb7 Rd5 19. Qxc6 Nd7 20. Qxc7
Kf6 21. a4 Nc5 22. Nxc5 Bxc5 23. c4 Bd6 24. Qc6 Rd3 25. a5 Qe5 26. g3 g5 27.
Rad1 Rxe3 28. fxe3+ Ke7 29. Rf3 f5 30. a6 h5 31. a7 g4 32. a8=Q Rxa8 33. Qxa8
gxf3 34. Qxf3 h4 35. gxh4 Qxb2 36. Qg2 Qe5 37. Qg5+ Kf7 38. Rd2 Be7 39. Rd7
Qa1+ 40. Kg2 Qa2+ 41. Kg3 f4+ 42. exf4 1-0

[Event "Essent open"]
[Site "Hoogeveen"]
[Date "2005.10.26"]
[Round "6"]
[White "Galje, Hans"]
[Black "Holscher, Peter"]
[Result "0-1"]
[WhiteElo "2135"]
[BlackElo "2069"]
[PlyCount "68"]
[EventDate "2005.10.21"]

1. f4 d5 2. Nf3 g6 3. e3 Bg7 4. Be2 Nd7 5. O-O Ngf6 6. d3 c6 7. Qe1 Qb6 8. Nc3
a5 9. Qh4 Nc5 10. Kh1 h6 11. Rb1 Bg4 12. Ne5 Bxe2 13. Nxe2 Ne6 14. Bd2 g5 15.
Qh3 c5 16. Ng3 gxf4 17. exf4 h5 18. c3 Qc7 19. Rbe1 Ra6 20. Nf5 Kf8 21. Nh4 Rh7
22. Nhf3 Nd8 23. Ng5 Rh6 24. f5 Ng4 25. Nexf7 Nxf7 26. Ne6+ Raxe6 27. fxe6 Rf6
28. exf7 Nf2+ 29. Rxf2 Rxf2 30. Bg5 Qe5 31. Bxe7+ Kxf7 32. Rg1 Kxe7 33. Qh4+
Qf6 34. Re1+ Kf8 0-1

[Event "Essent open"]
[Site "Hoogeveen"]
[Date "2005.10.26"]
[Round "6"]
[White "Dougherty, Michael J"]
[Black "Kulago, Alexander"]
[Result "1/2-1/2"]
[WhiteElo "2212"]
[BlackElo "2103"]
[PlyCount "49"]
[EventDate "2005.10.21"]

1. d4 d5 2. Nf3 Nf6 3. c4 e6 4. g3 dxc4 5. Bg2 Nbd7 6. O-O Rb8 7. Qc2 b5 8. e4
Be7 9. b3 Bb7 10. Re1 cxb3 11. axb3 a6 12. d5 exd5 13. exd5 O-O 14. Nd4 Nxd5
15. Bxd5 Bxd5 16. Rxa6 Bb7 17. Nc6 Bxc6 18. Rxc6 Bd6 19. Bf4 Re8 20. Rxe8+ Qxe8
21. Bxd6 cxd6 22. Rxd6 Ne5 23. Nd2 Qe7 24. Qc5 h6 25. Rd5 1/2-1/2

[Event "Essent open"]
[Site "Hoogeveen"]
[Date "2005.10.26"]
[Round "6"]
[White "Drost, Peter"]
[Black "Hendriks, Richard"]
[Result "1/2-1/2"]
[WhiteElo "2190"]
[BlackElo "2157"]
[PlyCount "39"]
[EventDate "2005.10.21"]

1. e4 e5 2. Nf3 Nc6 3. Bc4 Be7 4. d4 exd4 5. O-O d6 6. Nxd4 Nf6 7. Nc3 O-O 8.
h3 Nxd4 9. Qxd4 b6 10. Rd1 Bb7 11. Qe3 Qe8 12. Bb5 Qc8 13. Qe2 a6 14. Bd3 Re8
15. Nd5 Nxd5 16. exd5 g6 17. Qf3 Bf8 18. Bf4 Bg7 19. Rab1 Qd8 20. c4 1/2-1/2

[Event "Essent open"]
[Site "Hoogeveen"]
[Date "2005.10.26"]
[Round "6"]
[White "Van Weersel, Arlette"]
[Black "Woudt, Edwin"]
[Result "1/2-1/2"]
[WhiteElo "2174"]
[BlackElo "2103"]
[PlyCount "90"]
[EventDate "2005.10.21"]

1. e4 c5 2. c4 Nc6 3. Ne2 Nf6 4. Nbc3 e6 5. d4 cxd4 6. Nxd4 Bb4 7. Nxc6 bxc6 8.
Bd3 e5 9. O-O Bc5 10. Rb1 a5 11. a3 d6 12. b4 axb4 13. axb4 Bd4 14. Ne2 Bb6 15.
Bg5 h6 16. Bh4 g5 17. Bg3 Nh5 18. Kh1 Nf4 19. f3 Be6 20. Qc2 O-O 21. Be1 Ra3
22. Bc3 Qe7 23. Ra1 Rfa8 24. Nxf4 gxf4 25. Rxa3 Rxa3 26. Bb2 Ra2 27. Qb3 Ra8
28. Ra1 Rxa1+ 29. Bxa1 Qh4 30. Qd1 Bf2 31. Bf1 Be3 32. c5 dxc5 33. bxc5 Qf2 34.
Ba6 Bb3 35. Qb1 Bc2 36. Qf1 Qxf1+ 37. Bxf1 f6 38. g3 fxg3 39. hxg3 Bxc5 40.
Bc4+ Kf8 41. Bc3 Ba4 42. Kg2 Bb5 43. Bb3 Bd4 44. Bd2 h5 45. Bc2 c5 1/2-1/2

[Event "Essent open"]
[Site "Hoogeveen"]
[Date "2005.10.26"]
[Round "6"]
[White "Van Geffen, Ben"]
[Black "Schelwokat, Peter"]
[Result "1-0"]
[WhiteElo "2118"]
[BlackElo "2076"]
[PlyCount "79"]
[EventDate "2005.10.21"]

1. e4 e5 2. Bc4 Nc6 3. Nf3 Be7 4. d4 exd4 5. Nxd4 Nf6 6. Nc3 O-O 7. O-O Nxe4 8.
Nxe4 d5 9. Nxc6 bxc6 10. Bd3 dxe4 11. Bxe4 Ba6 12. Re1 Qxd1 13. Rxd1 Bb7 14.
Bf4 f5 15. Bf3 Bd8 16. Rd7 Bc8 17. Rd2 Bb7 18. c3 g5 19. Be5 g4 20. Be2 Re8 21.
Bc4+ Kf8 22. Bf4 Re4 23. Bh6+ Ke8 24. Bd3 c5 25. Bxe4 Bxe4 26. Re1 Kf7 27. Rd7+
Kg6 28. Bf4 c6 29. f3 gxf3 30. gxf3 Bd5 31. Re8 Bg5 32. Rxa8 Bxf4 33. Rxd5 cxd5
34. Rxa7 d4 35. Rd7 Be3+ 36. Kf1 Kg5 37. Ke2 h5 38. a4 Bc1 39. cxd4 cxd4 40. a5
1-0

[Event "Essent open"]
[Site "Hoogeveen"]
[Date "2005.10.27"]
[Round "7"]
[White "Nijboer, Friso"]
[Black "Baklan, Vladimir"]
[Result "1/2-1/2"]
[WhiteElo "2545"]
[BlackElo "2590"]
[PlyCount "31"]
[EventDate "2005.10.21"]

1. e4 e6 2. d4 d5 3. Nc3 dxe4 4. Nxe4 Nd7 5. Nf3 Ngf6 6. Nxf6+ Nxf6 7. c3 Be7
8. Bb5+ c6 9. Bd3 O-O 10. O-O c5 11. dxc5 Bxc5 12. Qc2 Qc7 13. Bg5 h6 14. Bxf6
gxf6 15. Rad1 Bd7 16. Qe2 1/2-1/2

[Event "Essent open"]
[Site "Hoogeveen"]
[Date "2005.10.27"]
[Round "7"]
[White "Kharitonov, Alexandr"]
[Black "Brodsky, Michail"]
[Result "1/2-1/2"]
[WhiteElo "2545"]
[BlackElo "2564"]
[PlyCount "41"]
[EventDate "2005.10.21"]

1. d4 Nf6 2. c4 e6 3. Nc3 Bb4 4. Qc2 O-O 5. a3 Bxc3+ 6. Qxc3 b6 7. Bg5 Bb7 8.
f3 h6 9. Bh4 d5 10. e3 Nbd7 11. cxd5 Nxd5 12. Bxd8 Nxc3 13. Bh4 Nd5 14. Bf2 c5
15. e4 Nf4 16. Be3 Ng6 17. Rd1 cxd4 18. Bxd4 Rfd8 19. Nh3 Nde5 20. Be2 Nc6 21.
Bc3 1/2-1/2

[Event "Essent open"]
[Site "Hoogeveen"]
[Date "2005.10.27"]
[Round "7"]
[White "Atalik, Suat"]
[Black "Van der Wiel, John"]
[Result "1/2-1/2"]
[WhiteElo "2620"]
[BlackElo "2503"]
[PlyCount "61"]
[EventDate "2005.10.21"]

1. d4 Nf6 2. c4 e6 3. Nc3 Bb4 4. Qc2 O-O 5. a3 Bxc3+ 6. Qxc3 d6 7. g3 Qe7 8.
Bg2 a5 9. b3 e5 10. dxe5 dxe5 11. Nf3 Nc6 12. O-O Rd8 13. Be3 Bg4 14. h3 Bxf3
15. Bxf3 Nd4 16. Rfe1 c6 17. b4 axb4 18. axb4 Rxa1 19. Rxa1 h6 20. Kh2 Qe6 21.
Ra5 Nxf3+ 22. exf3 e4 23. Bd4 exf3 24. Bxf6 Qxf6 25. Qxf6 gxf6 26. g4 Rd2 27.
Kg3 Rc2 28. Ra7 Rxc4 29. Rxb7 Kg7 30. b5 cxb5 31. Rxb5 1/2-1/2

[Event "Essent open"]
[Site "Hoogeveen"]
[Date "2005.10.27"]
[Round "7"]
[White "Jonkman, Harmen"]
[Black "Willemze, Thomas"]
[Result "1/2-1/2"]
[WhiteElo "2446"]
[BlackElo "2363"]
[PlyCount "122"]
[EventDate "2005.10.21"]

1. e4 c6 2. d4 d5 3. exd5 cxd5 4. Bd3 Nc6 5. c3 Qc7 6. h3 g6 7. Na3 a6 8. Ne2
Bf5 9. Bf4 Qd7 10. Nc2 Nf6 11. O-O Bg7 12. Nc1 O-O 13. Re1 Rad8 14. Ne3 Bxd3
15. Nxd3 b6 16. Ne5 Nxe5 17. Bxe5 Qc6 18. Qf3 b5 19. a4 Rd7 20. axb5 axb5 21.
Ra5 Ne4 22. Nxd5 Bxe5 23. Rxe4 Rxd5 24. Rxe5 e6 25. Qf6 Ra8 26. Rxa8+ Qxa8 27.
Rxd5 exd5 28. Kh2 Qa2 29. b4 Qc4 30. Qf3 Qc7+ 31. g3 Qc6 32. g4 Kg7 33. Qe3 Qd7
34. Qe5+ Kg8 35. Qb8+ Kg7 36. Qb6 h5 37. Kg3 hxg4 38. hxg4 f6 39. Qb8 Qc6 40.
Qa7+ Kg8 41. Qc5 Qd7 42. Kf3 Kg7 43. Ke3 g5 44. Qb6 Kg6 45. Qb8 Kg7 46. Kd2 Kf7
47. Qa8 Kg7 48. f3 Kh7 49. Qf8 Qc6 50. Qf7+ Kh6 51. Ke2 Qd6 52. Qe8 Qh2+ 53.
Kd3 Qg1 54. Kd2 Qf2+ 55. Kc1 Qxf3 56. Qh8+ Kg6 57. Qg8+ Kh6 58. Qh8+ Kg6 59.
Qg8+ Kh6 60. Qh8+ Kg6 61. Qg8+ Kh6 1/2-1/2